European Urbanization 1500-1800 (Record no. 8206)

MARC details
000 -LEADER
fixed length control field 00547nam a22001937a 4500
003 - CONTROL NUMBER IDENTIFIER
control field OSt
005 - DATE AND TIME OF LATEST TRANSACTION
control field 20231012115950.0
008 - FIXED-LENGTH DATA ELEMENTS--GENERAL INFORMATION
fixed length control field 231012b |||||||| |||| 00| 0 eng d
020 ## - INTERNATIONAL STANDARD BOOK NUMBER
International Standard Book Number 0415417686
040 ## - CATALOGING SOURCE
Transcribing agency DDC.
082 ## - DEWEY DECIMAL CLASSIFICATION NUMBER
Classification number 388.42 VRI 2007.
100 ## - MAIN ENTRY--PERSONAL NAME
Personal name Vries,Jan De;
9 (RLIN) 16744
245 ## - TITLE STATEMENT
Title European Urbanization 1500-1800
260 ## - PUBLICATION, DISTRIBUTION, ETC. (IMPRINT)
Place of publication, distribution, etc. London ,
Name of publisher, distributor, etc. Methuen and Co. ltd
Date of publication, distribution, etc. 2007.
300 ## - PHYSICAL DESCRIPTION
Extent xvii,398p;
Other physical details ill;
Dimensions 25cm.
500 ## - GENERAL NOTE
General note notes, references,bibliography and index are included.
650 ## - SUBJECT ADDED ENTRY--TOPICAL TERM
Topical term or geographic name as entry element Urbanisation.
9 (RLIN) 16745
942 ## - ADDED ENTRY ELEMENTS (KOHA)
Source of classification or shelving scheme Dewey Decimal Classification
Koha item type Open Shelf
Holdings
Withdrawn status Lost status Source of classification or shelving scheme Damaged status Not for loan Home library Current library Date acquired Inventory number Total Checkouts Full call number Barcode Date last seen Price effective from Koha item type
    Dewey Decimal Classification     MUST Main Library MUST Main Library 12/10/2023 15/39464   388.42 VRI 2007. 2023-0623 12/10/2023 12/10/2023 Open Shelf